000
00167nam a22000857a 4500
999
_c
65069
_d
65066
082
_a
954.7
100
_a
مشتاق
245
_a
مطااعہ پاکستان
942
_c
BK